000
00322 a2200157 4500
001
162894
020
_a
040
_c
Magnum
100
_a
Chamlian, Regina
240
1
0
_a
A hora da caipora
_l
por
245
1
0
_a
A hora da caipora
362
0
_a
1899
440
1
_a
Ática
697
_a
IJ/LENDAS, FOLCLORE
942
_c
BK
999
_c
162894
_d
162894